000 01267nam a2200301 a 4500
999 _c487724
_d487724
003 BLK
005 20230717154947.0
008 180409b bul|||||r ||||||| ||bul||
010 _aKNG00141321000
020 _a9786192590444
040 _aBLK
041 _aBUL
_cBUL
080 _aФренска литература
_b821.133.1
_x-8
_z821.133.1-8
100 _91299
_aМишо, Анри
_eпърви автор
139 _aМишо, Анри
_bМ 76
245 1 0 _aПлюм
_bизбрано
_cАнри Мишо ; прев. от фр. Красимир Кавалджиев.
260 _aСофия
_bЕРГО
_c2022
_9212573
_n978-954-92279- ; 978-954-8689- ; 954-8918-
_f (София : Дайрект сървисиз)
300 _a164 с.
_c20 см
380 _aX
490 _9204002
_aМодерна европейска проза
500 _aОриг. загл.: Plume / Henri Michaux. - Биогр. данни за авт. отбелязани на 3-та кор.
700 _aКавалджиев, Красимир Стефанов
_eпрев. от фр.
_9268820
852 _aЦб 315841
_bЦб
856 _i0.00
_ldisable
942 _cKNG
_n0
_s1
_04
944 _aCR
_c2022-12-16
_k30564
_lГалина Якимова
999 _d487724